Die Szekler in Siebenbürgen
| Titel: | Die Szekler in Siebenbürgen : von der privilegierten Sondergemeinschaft zur ethnischen Gruppe / hrsg. von Harald Roth |
|---|---|
| Beteiligt: | |
| Veröffentlicht: | Köln : Böhlau, 2009 |
| Umfang: | VIII, 280 Seiten : Karten ; 23 cm |
| Format: | Buch |
| Sprache: | Deutsch |
| Schriftenreihe/ mehrbändiges Werk: |
Siebenbürgisches Archiv ; Folge 3, Bd. 40 |
| RVK-Notation: |
·
|
| ISBN: | 9783412202408 |
| Hinweise zum Inhalt: |
Inhaltsverzeichnis
Inhaltstext |
alg: 20918206
001A $06000:13-02-09
001B $01999:07-05-24 $t13:01:00.000
001D $00017:05-03-09
001U $0utf8
001X $00
002@ $0Aau
002C $aText $btxt $2rdacontent
002D $aohne Hilfsmittel zu benutzen $bn $2rdamedia
002E $aBand $bnc $2rdacarrier
003@ $0209182067
004A $A978-3-412-20240-8 $fkart. : EUR 27.90 (DE), ca. EUR 28.70 (AT)
004K $09783412202408
006G $0988763230
006L $0205640540 $2HEB
006T $008,N23,3623
006U $009,A08,2194 $f20080519
007A $0988763230 $aDNB
007G $0DE004131639AB0A8E5EE3C1257577005117F6
007T $0Herdc0042953m
009P $qapplication/pdf $A2 $3Inhaltsverzeichnis $uhttp://scans.hebis.de/HEBCGI/show.pl?20918206_toc.pdf $mV:DE-603;B:DE-17
009P $qtext/html $A2 $3Inhaltstext $uhttp://deposit.dnb.de/cgi-bin/dokserv?id=3110654&prov=M&dok_var=1&dok_ext=htm $mB:DE-101
010@ $ager
011@ $a2009
013D $RWissenschaftliche Literatur $RAufsatzsammlung $71071861417 $8Konferenzschrift [Ts1] $9359646190 $y2006 $zSfintu Gheorghe, Kronstadt, Siebenbürgen
017A $asf
021A $aDie @Szekler in Siebenbürgen $dvon der privilegierten Sondergemeinschaft zur ethnischen Gruppe $hhrsg. von Harald Roth
028C $BHerausgeber $4edt $7121487938 $8Roth, Harald$Z1965- [Tp3] $9152859071
033A $pKöln $nBöhlau
034D $aVIII, 280 Seiten
034I $a23 cm
034M $aKarten
036E $aSiebenbürgisches Archiv $lFolge 3, Bd. 40
036F $x240 $8Siebenbürgisches Archiv $9009887555 $lFolge 3, Bd. 40
037A $aLiteraturangaben
039U $aRezensiert in $8--Aox--Fata, Marta. Die @Szekler in Siebenbürgen. - Köln {[u.a.] : Böhlau. - 2009 [Rezension], 2009 $9394992334
039U $aRezensiert in $8--Aox--Zach, Krista F.. Die @Szekler in Siebenbürgen. - Köln {[u.a.] : Böhlau. - 2009 [Rezension], 2012 $9395062071
044K $qDNB $RRumänien $#Siebenbürgen $#Siebenbürgen $#Fürstentum Siebenbürgen $#Transsilvanien $#Transsylvanien $#Transilvania $#Transylvania $#Ardeal $#Erdély $#Siedmiogród $#Sedmohradsko $#Sedmihradsko $74054835-1 $8Siebenbürgen [Tg1] $9085152552
044K $qDNB $RMagyaren $#Sekler $#Szekely $#Siculi Siebenbürgen $74408066-9 $8Szekler [Ts1] $9088575187
044N $aMittelalter, Monarchie, Nation
045E $c940
045F $a949.84 $eDDC22ger
045F/01 $a949.8
045F/03 $g4984
045G $a305.8009498 $eDDC23BSB
045G/01 $a305.8009
045G/03 $g498
045G/03 $g439
045H $a909 $eDDC23BSB
045H/01 $a909
045H/03 $g439
045R $aGeschichte
045Z $8NR 9600 [Tkv] $9410932809
045Z $8NR 9650 [Tkv] $9410932833
046L $aZusammenfassungen der Beiträge in englischer, rumänischer und ungarischer Sprache
lok: 20918206 8
exp: 20918206 8 1 #EPN
201B/01 $005-05-23 $t17:55:03.000
201C/01 $017-02-09
201U/01 $0utf8
203@/01 $0567468798
208@/01 $a05-03-09 $bz
209A/01 $a/NR 9650 R845 $du $f001 $x00
209G/01 $a17222783 $x00
209G/01 $a1. Obergeschoss $x01
247C/01 $8611001-0 <17/1>Darmstadt, TU Darmstadt, Universitäts- und Landesbibliothek - Schloss $9102595887
lok: 20918206 24
101B $009-03-09 $t22:02:47.000
101C $013-02-09
101U $0utf8
145Z/01 $a55 8 S 5
145Z/02 $a55 3 C
145Z/03 $a54 3 C
145Z/04 $a54 7 R
exp: 20918206 24 1 #EPN
201B/01 $002-08-11 $t13:01:03.000
201C/01 $001-07-09
201U/01 $0utf8
203@/01 $0563143177
208@/01 $a02-08-11 $bz
209A/01 $a09.0001 $du $f050 $h09 0001 $x00
209C/01 $a09.0001 G $h09 0001 G
209G/01 $a72183134 $x00
220C/01 $ajwa/hae
247C/01 $8358050-7 Marburg, Bibliothek des Herder-Instituts Marburg $9102600961
lok: 20918206 78
exp: 20918206 78 1 #EPN
201B/01 $019-04-17 $t14:59:43.000
201U/01 $0utf8
203@/01 $0791936589
208@/01 $a12-11-16 $be
209A/01 $a/ $f000 $x00
220C/01 $aTitelaufnehmer: nk;an
220C/01 $aHerkunft: HI Marburg
220C/01 $aAnmerkung: *NG
237A/01 $aweiterführende Signatur(en): Herder-Institut: 09.0001
244Z/01 $2Trx $#Ungari $#Vengrija $#Ungārija $#Ungarn $#Hungary $#Węgry $#Maďarsko $#Maďarsko $#Uhorsko $#Uhersko;Uhry $8--Trx--Magyarország $x01 $9391197150
244Z/01 $aGeschichte 1100-1500 $x02
244Z/01 $2Trx $#šekleriai dab. Rumunijos tauta $#Szeklers $#Székelyek $#Szeklerzy $#Szekléri $#Szekléřové $#Sekler $8--Trx--Székler $x03 $9391378813
244Z/01 $2Trx $#aadel Ungari $#Vengrijos bajorai $#gentry Hungary $#nemesség Magyarország $#szlachta Węgry $#šľachta Maďarsko $#šlechta Maďarsko $8--Trx--Adel$gUngarn $x04 $9391354426
244Z/01 $2Trx $#kuningad, Ungari $#Vengrijos karaliai $#kings, Hungarian $#királyok, magyar $#królowie węgierscy $#králi uhorskí $#králové uherští $8--Trx--Könige, ungarische $x05 $9391376438
244Z/01 $2Trx $8--Trx--Monographie $x06 $9391384546
245Z/01 $a11.15 $x01
247C/01 $82080>Marburg/Lahn, Herder-Institut, Forschungsbibliothek, Bibliographieportal $9336309341
lok: 20918206 204
exp: 20918206 204 1 #EPN
201B/01 $009-03-09 $t22:02:47.000
201C/01 $021-10-08
201U/01 $0utf8
203@/01 $055956211X
208@/01 $a10-02-09 $bzUB
209A/01 $aFH his Hf 5.7 $du $f000 $hfh his hf 5 7 $x00
209G/01 $a60641803 $x00
245S/01 $a10000 $x01
247C/01 $8631000-x <26>Gießen, Universität Gießen, Universitätsbibliothek Gießen $9102596697
| LEADER | 00000cam a2200000 c 4500 | ||
|---|---|---|---|
| 001 | 209182067 | ||
| 003 | DE-603 | ||
| 005 | 20240507130100.0 | ||
| 007 | tu | ||
| 008 | 090213s2009 xx |||| | u10||u|ger | ||
| 015 | |a 09,A08,2194 |z 08,N23,3623 |2 dnb | ||
| 016 | 7 | |2 DE-101 |a 988763230 | |
| 020 | |a 9783412202408 |c kart. : EUR 27.90 (DE), ca. EUR 28.70 (AT) | ||
| 024 | 3 | |a 9783412202408 | |
| 035 | |a (DE-599)DNB988763230 | ||
| 035 | |a (DE-603)205640540 | ||
| 040 | |a DE-603 |b ger |c DE-603 |d DE-603 | ||
| 041 | |a ger | ||
| 082 | 0 | 4 | |8 1\u |a 949.84 |q DE-101 |2 22/ger |
| 083 | 0 | |8 2\u |a 305.8009498 |q DE-101 |2 23/BSB | |
| 083 | 0 | |8 3\u |a 909 |q DE-101 |2 23/BSB | |
| 084 | |a 940 |q DE-101 |2 sdnb | ||
| 084 | |a NR 9600 |0 (DE-625)130295: |0 (DE-603)410932809 |2 rvk | ||
| 084 | |a NR 9650 |0 (DE-625)130298: |0 (DE-603)410932833 |2 rvk | ||
| 085 | |8 1\u |b 949.8 | ||
| 085 | |8 1\u |z 2 |s 4984 | ||
| 085 | |8 2\u |b 305.8009 | ||
| 085 | |8 2\u |z 2 |s 498 | ||
| 085 | |8 2\u |z 2 |s 439 | ||
| 085 | |8 3\u |b 909 | ||
| 085 | |8 3\u |z 2 |s 439 | ||
| 090 | |a b | ||
| 245 | 0 | 0 | |a Die Szekler in Siebenbürgen |b von der privilegierten Sondergemeinschaft zur ethnischen Gruppe |c hrsg. von Harald Roth |
| 264 | 1 | |a Köln |b Böhlau |c 2009 | |
| 300 | |a VIII, 280 Seiten |b Karten |c 23 cm | ||
| 336 | |a Text |b txt |2 rdacontent | ||
| 337 | |a ohne Hilfsmittel zu benutzen |b n |2 rdamedia | ||
| 338 | |a Band |b nc |2 rdacarrier | ||
| 490 | 1 | |a Siebenbürgisches Archiv |v Folge 3, Bd. 40 | |
| 500 | |a Literaturangaben | ||
| 546 | |a Zusammenfassungen der Beiträge in englischer, rumänischer und ungarischer Sprache | ||
| 648 | 7 | |a Geschichte |2 gnd | |
| 650 | 7 | |a Szekler |0 (DE-588)4408066-9 |0 (DE-603)088575187 |2 gnd | |
| 651 | 7 | |a Siebenbürgen |0 (DE-588)4054835-1 |0 (DE-603)085152552 |2 gnd | |
| 655 | 7 | |a Konferenzschrift |y 2006 |z Sfintu Gheorghe, Kronstadt, Siebenbürgen |2 gnd-content |0 (DE-588)1071861417 |0 (DE-603)359646190 | |
| 700 | 1 | |a Roth, Harald |d 1965- |e Herausgeber |4 edt |0 (DE-603)152859071 |0 (DE-588)121487938 |2 gnd | |
| 787 | 0 | 8 | |i Rezensiert in |a Fata, Marta |t Die Szekler in Siebenbürgen. - Köln [u.a.] : Böhlau. - 2009 [Rezension] |w (DE-603)394992334 |
| 787 | 0 | 8 | |i Rezensiert in |a Zach, Krista F. |t Die Szekler in Siebenbürgen. - Köln [u.a.] : Böhlau. - 2009 [Rezension] |w (DE-603)395062071 |
| 830 | 0 | |t Siebenbürgisches Archiv |v Folge 3, Bd. 40 |w (DE-603)009887555 |w (DE-600)532347-2 |9 240 |7 as | |
| 856 | 4 | 2 | |m V:DE-603;B:DE-17 |q application/pdf |u http://scans.hebis.de/HEBCGI/show.pl?20918206_toc.pdf |3 Inhaltsverzeichnis |
| 856 | 4 | 2 | |m B:DE-101 |q text/html |u http://deposit.dnb.de/cgi-bin/dokserv?id=3110654&prov=M&dok_var=1&dok_ext=htm |3 Inhaltstext |
| 924 | 0 | |9 17/1 |a (DE-603)567468798 |b DE-17-1 |c HES |d b |g /NR 9650 R845 |h 1. Obergeschoss | |
| 924 | 0 | |9 Mb 50 |a (DE-603)563143177 |b DE-Mb50 |c HES |d c |g 09.0001 | |
| 924 | 0 | |9 2080 |a (DE-603)791936589 |b DE-2080 |c HES |d d |g / | |
| 924 | 0 | |9 26 |a (DE-603)55956211X |b DE-26 |c HES |d c |g FH his Hf 5.7 | |


